Statistics for Monarchs of Hungary

Click here to take the quiz!

General Stats

  • This quiz has been taken 621 times
  • The average score is 36 of 55

Answer Stats

Year Name Dynasty % Correct
1000–38Saint Stephen IÁrpád
91%
1116–31Stephen IIÁrpád
91%
1270–72Stephen VÁrpád
91%
1163–65 (antiking)Stephen IVÁrpád
91%
1162–72Stephen IIIÁrpád
91%
1711–40Charles IIIHabsburg
87%
1385–86Charles IIAnjou
87%
1308–42Charles I RobertAnjou
87%
1916–18Charles IVHabsburg-Lorraine
87%
1780–90Joseph IIHabsburg-Lorraine
85%
1705–11Joseph IHabsburg
85%
1792–1835FrancisHabsburg-Lorraine
78%
1608–19Matthias IIHabsburg
77%
1540–70 (contested)John II SigismundSzapolyai
77%
1526–40 (contested)John ISzapolyai
77%
1458–90Matthias IHunyadi
77%
1382–85, 1386–95 (co-rule)MaryAnjou
76%
1060–63Béla IÁrpád
75%
1172–96Béla IIIÁrpád
75%
1235–70Béla IVÁrpád
75%
1131–41Béla IIÁrpád
75%
1445–57Ladislaus VHabsburg
72%
1077–95Saint Ladislaus IÁrpád
72%
1162–63 (antiking)Ladislaus IIÁrpád
72%
1272–90Ladislaus IVÁrpád
72%
1204–05Ladislaus IIIÁrpád
72%
1342–82Louis IAnjou
71%
1516–26Louis IIJagiellon
71%
1647–54 (co-ruler with father)Ferdinand IVHabsburg
68%
1526–64 (contested)Ferdinand IHabsburg
68%
1637–57Ferdinand IIIHabsburg
68%
1619–37Ferdinand IIHabsburg
68%
1835–48Ferdinand VHabsburg-Lorraine
68%
1205–35Andrew IIÁrpád
66%
1046–60Andrew IÁrpád
66%
1290–1301Andrew IIIÁrpád
66%
1387–1437SigismundLuxembourg
64%
1038–41, 1044–46Peter OrseoloÁrpád
62%
1848–1916Francis JosephHabsburg-Lorraine
58%
1740–80Maria TheresaHabsburg
55%
1095–1116ColomanÁrpád
55%
1440–44Vladislaus IJagiellon
54%
1490–1516Vladislaus IIJagiellon
54%
1305–07OttoWittelsbach
50%
1074–77Géza IÁrpád
49%
1141–62Géza IIÁrpád
49%
1657–1705Leopold IHabsburg
42%
1790–92Leopold IIHabsburg-Lorraine
42%
1041–44Samuel AbaÁrpád
41%
1196–1204EmericÁrpád
41%
1437–39AlbertHabsburg
34%
1063–74SolomonÁrpád
33%
1564–76 (contested)MaximilianHabsburg
30%
1301–05WenceslausPřemyslid
27%
1576–1608RudolphHabsburg
26%

Score Distribution

Percentile by Number Answered

Percent of People with Each Score

Your Score History

You have not taken this quiz